Four chilean artists: works on paper. Benmayor. Cienfuegos. Lira. Maffei
Saved in:
| Format: | Bog |
|---|---|
| Sprog: | engelsk |
| Udgivet: |
Santiago
Ograma S. A
1997
|
| Udgivelse: | 1a. ed |
| Fag: | |
| Tags: |
Tilføj Tag
Ingen Tags, Vær først til at tagge denne postø!
|
MARC
| LEADER | 00000cam a2200000 a 4500 | ||
|---|---|---|---|
| 001 | UCC0307 | ||
| 003 | CL-VaPUC | ||
| 008 | 170804e19970000cl |||||||||||||||||eng|d | ||
| 082 | 0 | 4 | |a 759.983 |b FOU |2 21 |
| 245 | 1 | 0 | |a Four chilean artists: works on paper. Benmayor. Cienfuegos. Lira. Maffei |
| 250 | |a 1a. ed | ||
| 300 | |a 52 p | ||
| 942 | |c BK | ||
| 945 | |d 20170804 10:38:00 |a dcastane | ||
| 260 | |a Santiago |b Ograma S. A |c 1997 | ||
| 500 | |a Obras presentadas desde el 24 de junio al 20 de julio de 1997 en la Galería Marlborough en Nueva York | ||
| 650 | 0 | |a Pintura chilena |9 266171 | |
| 650 | 0 | |a Pintores chilenos Siglo 20 |9 314455 | |
| 583 | |a last modification |c 20170804 10:38:00 |k Rodrigo Vera | ||
| 999 | |c 369168 |d 369166 | ||
| 952 | |0 0 |1 0 |3 erb |4 0 |6 759_983000000000000_FOU_1997 |7 0 |8 R |9 484758 |a BIBART |b BIBART |i 5412560 |o 759.983 FOU 1997 |p 5412560 |r 2025-03-13 |w 2019-11-24 |y BK_R |z Catalogado en:20170804 |k ART | ||